[Event "2nd Ramco Technology Open 2019"]
[Site "Rajapalayam"]
[Date "2019.12.02"]
[Round "5.1"]
[White "Rathneesh R"]
[Black "Laxman, R.R."]
[Result "0-1"]
[WhiteElo "2006"]
[BlackElo "2444"]
[Annotator "TA"]
[PlyCount "126"]
[EventDate "2019.12.01"]
[EventType "swiss"]
[EventCountry "IND"]
[SourceTitle "playchess.com"]
[Source "ChessBase"]
[SourceQuality "1"]

{[%evp 13,126,-12,-3,-24,21,15,15,-72,-72,-103,-92,-89,-85,-83,-99,-96,-87,-104,-108,-96,-106,-129,-122,-121,-110,-180,-184,-204,-195,-199,-190,-172,-166,-183,-141,-133,-129,-138,-122,-119,-117,-211,-141,-142,-125,-195,-37,-128,-146,-179,-162,-236,-237,-197,-103,-102,-120,-132,-81,-145,-138,-133,-146,-143,-135,-205,-204,-181,-221,-814,-775,-837,-798,-2422,-2355,-1704,-2242,-947,-1405,-29974,-29975,-29975,-29973,-29973,-29975,-29974,-29975,-29975,-29976,-29975,-29977,-29973,-29976,-29980,-29974,-29974,-29975,-29975,-29976,-29977,-29978,-29979,-29980,-29992,-29993,-29993,-29994,-29996,-29996,-29996,-29997,-29997,-29998,-29998,-29999]} 1. c4 e5 2. g3 Nf6 3. Bg2 c6 4. Nf3 e4 5. Nd4 d5 6. cxd5 Qxd5 7. Nc2 Qh5 8. Ne3 {A20: English Opening: 1...e5} Bc5 9. Nc3 Bxe3 10. fxe3 $146 (10. dxe3 $11 Bh3 11. Bxh3 Qxh3 12. Qd4) ({Predecessor:} 10. dxe3 Bh3 11. Bxh3 Qxh3 12. Qd4 Qe6 13. b3 b6 14. Bb2 Nbd7 15. O-O-O O-O-O {½-½ (26) Petursson,M (2544)-Hansen,C (2613) Reykjavik 2000}) 10... Bh3 $1 $17 {[%cal Rh3g2]} 11. Kf2 Nbd7 12. Qf1 Bf5 13. b3 O-O $36 {[%mdl 2048] Keeping White busy.} 14. Bb2 Rad8 15. Kg1 Rfe8 16. h3 Bg6 $1 17. g4 Qa5 18. Qf4 Nc5 19. Rd1 (19. Nb1 $17) 19... b5 $19 {[%cal Bb7b5,Bb5b4][%mdl 32]} 20. Kh2 b4 21. Na4 Nd5 $1 {[%cal Rd5f4]} ({Much less strong is} 21... Nxa4 22. Bxf6 gxf6 23. bxa4 $17) 22. Qg3 Nxa4 23. bxa4 f6 24. h4 h6 25. g5 fxg5 26. hxg5 h5 27. Rc1 (27. Bh3 $17) 27... Ne7 28. Rc2 Rd5 29. Bh3 {next Be6+ is good for White.} Rxg5 $2 ({Don't take} 29... Qxa4 30. Rhc1 $17) (29... Bf5 $19 30. Rhc1 Qxa4) 30. Be6+ (30. Qf4 $1 $15) 30... Bf7 $1 $17 {[%cal Rf7e6]} 31. Bxf7+ Kxf7 32. Rf1+ (32. Qf4+ $142 Rf5 33. Qg3) 32... Kg8 $19 33. Qd6 {[#]} Qd5 (33... Rg6 $1 $19 {[%cal Rg6d6]} 34. Qf4 Qd5) 34. Qxd5+ $17 Rxd5 35. Rg1 Nf5 (35... g6 $142 36. Bc1 Rf8) 36. Rxc6 ({Better is} 36. Rg5) 36... Rxd2 37. Bxg7 {Black must now prevent Bc3+.} Rxe2+ (37... Nxg7 $6 38. Rc7 $11) 38. Kh1 {Threatening Be5+.} Nxe3 {...Ng4 is the strong threat.} ({Reject} 38... Nxg7 $6 39. Rc7 $11) 39. Rg5 {[#]} (39. Rh6 $17 {might work better.} Ng4 40. Rxh5 Kxg7 41. Rxg4+ Kf6 42. Rf4+ Kg6 43. Rff5) 39... Rg2 $1 $19 {[%cal Rg2g5][%mdl 512]} 40. Rxg2 Nxg2 41. Kxg2 $2 (41. Bh6 Nh4 42. Bg5) 41... Kxg7 {[%mdl 4096] Endgame KR-KR} 42. Rc7+ Kg6 43. Rxa7 e3 {( -> ...e2)} 44. Kf1 e2+ 45. Ke1 h4 46. Rd7 h3 {Black mates.} 47. Rd3 Rh8 48. Rg3+ Kf5 49. Rg1 h2 50. Rh1 Kf4 51. Kxe2 Kg3 52. Kd3 Kg2 53. Rxh2+ Kxh2 {KR-KPP} 54. Kc4 Kg3 55. Kxb4 Kf4 56. Kb5 Ke5 57. a5 Kd6 58. Kb6 Rb8+ 59. Ka7 Kc7 60. a6 Rb6 61. a3 Rd6 62. a4 Re6 63. a5 Rd6 {Accuracy: White = 36%, Black = 75%.} 0-1

[Event "2nd Ramco Technology Open 2019"]
[Site "Rajapalayam"]
[Date "2019.12.02"]
[Round "5.2"]
[White "Harikrishnan.A.Ra"]
[Black "Vignesh B"]
[Result "1-0"]
[WhiteElo "2440"]
[BlackElo "1858"]
[Annotator "TA"]
[PlyCount "139"]
[EventDate "2019.12.01"]
[EventType "swiss"]
[EventCountry "IND"]
[SourceTitle "playchess.com"]
[Source "ChessBase"]
[SourceQuality "1"]

{[%evp 16,139,70,68,89,84,102,88,84,83,131,136,146,117,106,115,116,95,111,107,101,80,80,77,83,87,71,74,93,94,98,95,88,60,70,64,93,86,82,81,80,70,108,105,109,100,105,102,105,86,86,78,93,93,97,93,105,98,93,93,93,93,99,93,104,68,95,89,118,0,106,0,131,0,101,102,114,83,85,83,85,85,105,86,145,145,202,191,197,198,185,185,274,210,272,237,453,460,464,464,457,454,433,424,784,784,29975,29976,29976,29977,29977,29978,29977,29979,29979,29980,29980,29981,29981,29982,29982,29983,29983,29984,29984,29985]} 1. Nf3 Nf6 2. g3 g6 3. Bg2 Bg7 4. O-O O-O 5. c4 d6 6. d4 Nbd7 7. Nc3 c5 8. d5 Nb6 9. Qd3 e5 {E65: King's Indian: Fianchetto: 6...c5 7 0-0 without d5 by White} 10. e4 Nh5 11. Qe2 f5 {White is better.} 12. exf5 Bxf5 13. Ng5 Qd7 $146 ({Predecessor:} 13... Nf6 14. a4 h6 15. Ne6 Bxe6 16. dxe6 Qc7 17. a5 {1-0 (25) Navratil,T (2161)-Maljevic,D (1614) Novi Sad 2009}) 14. Ne6 Bxe6 15. dxe6 Qxe6 16. Bxb7 Rab8 17. Bg2 e4 18. Qxe4 Qxe4 19. Bxe4 Nf6 20. Bd3 Ng4 21. Bf4 Ne5 22. Bxe5 $1 Bxe5 23. Rac1 Nd7 24. Rc2 (24. b3 {feels hotter.} Rf3 25. Rfd1 Rbf8 26. Ne4 Bd4 27. Rc2) 24... Bxc3 $1 25. bxc3 Rfe8 26. Rd1 Rb6 27. Bf1 Ne5 28. Kg2 Reb8 29. f4 Nf7 30. Rdd2 a5 31. Bd3 a4 32. Be4 a3 33. Kf2 Kf8 34. Rc1 Rb2 35. Rcd1 Ke7 36. Ke2 R8b6 37. Rxb2 Rxb2+ $16 {[%mdl 4096] Endgame KRB-KRN} 38. Rd2 Rb6 39. Kd1 Kf6 40. Kc1 Nd8 41. Bc2 Nb7 42. Be4 Nd8 $1 43. Bc2 Nb7 $1 44. Be4 Nd8 $1 45. Re2 Ne6 46. Bc2 Rb2 47. Bd1 Rb6 48. Ba4 Nc7 49. Bd7 Rb8 (49... h5 $142) 50. g4 Rd8 {[#]} (50... g5 $16) 51. g5+ $1 $18 Kf7 52. Bc6 Rb8 53. h4 Rb6 (53... Rf8 $142 54. Kc2 Rb8) 54. Bf3 Kf8 55. h5 Kf7 $2 {[#]} (55... Ra6 {was worth a try.} 56. Rh2 Ra4) 56. Bg4 Rb8 57. f5 gxf5 58. Bxf5 Rg8 59. Rg2 Ne6 (59... Kg7 $142 60. h6+ Kh8) 60. g6+ hxg6 61. Bxe6+ {White mates.} Kxe6 62. Rxg6+ Rxg6 63. hxg6 {KP-KP} Kf6 64. Kc2 Kxg6 {K3P-K3P} 65. Kb3 Kf6 66. Kxa3 Ke7 67. Ka4 Kd7 68. Kb5 Kc7 69. a4 {[%cal Ba2a4,Ba4a5][%mdl 32]} Kb7 70. a5 {Accuracy: White = 76%, Black = 45%.} 1-0

[Event "2nd Ramco Technology Open 2019"]
[Site "Rajapalayam"]
[Date "2019.12.02"]
[Round "5.3"]
[White "Selvamurugan B"]
[Black "Muthaiah AL"]
[Result "0-1"]
[WhiteElo "1979"]
[BlackElo "2363"]
[Annotator "TA"]
[PlyCount "102"]
[EventDate "2019.12.01"]
[EventType "swiss"]
[EventCountry "IND"]
[SourceTitle "playchess.com"]
[Source "ChessBase"]
[SourceQuality "1"]

{[%evp 15,102,0,0,0,0,-45,0,-12,4,2,4,13,20,-44,-35,-52,-49,-45,-52,-62,-47,-51,-51,-51,-51,-52,-52,-44,-45,-59,-53,-49,-56,-58,-22,-43,-35,-42,-42,-55,-42,-39,-33,-33,-30,-37,-29,-24,0,-2,0,-4,0,0,0,0,0,-21,-26,-19,-16,-62,-43,-59,-55,-81,-82,-145,-145,-147,-132,-211,-202,-669,-656,-702,-702,-775,-758,-1856,-679,-29985,-29986,-29986,-29987,-29987,-29988,-29984,-29985]} 1. e4 c5 2. Nf3 Nc6 3. d4 cxd4 4. Nxd4 e6 5. Nc3 Qc7 6. Be2 a6 7. O-O Nf6 8. a4 Bb4 9. Qd3 {B47: Sicilian: Taimanov: 5 Nc3 Qc7 6 f4, 6 g3 and 6 Be2} O-O 10. Nf3 (10. Bg5 Bxc3 11. bxc3 Qe5 12. Bxf6 Qxf6 13. a5 e5 14. Nxc6 dxc6 15. Rfb1 Qe7 16. Qe3 Rd8 {½-½ (62) Adams,M (2704)-Macieja,B (2625) Rijeka 2010}) 10... Be7 $146 ({Predecessor:} 10... Bxc3 11. bxc3 d5 12. exd5 Nxd5 13. Ng5 Nf6 14. f4 Rd8 15. Qf3 Ne7 16. Bd3 Bd7 {0-1 (25) Czaplinski,P (1767)-Zakrzewski,B (1544) Poznan 2013}) 11. Qc4 {The position is equal.} d6 12. a5 Bd8 13. Rd1 Nxa5 14. Qb4 (14. Qxc7 $11 Bxc7 15. Bf4) 14... Ne8 $15 15. Bf4 {[%cal Rd1d6]} Nc6 16. Qa3 Rb8 17. Bxd6 Nxd6 18. Qxd6 ({But not} 18. Rxd6 $2 Be7 $17) 18... Qxd6 19. Rxd6 Bc7 20. Rdd1 b5 21. Na2 Rd8 22. Rxd8+ Bxd8 23. c3 Kf8 24. Nc1 Ke7 25. Nb3 Bc7 26. Nfd4 Nxd4 27. Nxd4 {[#] Strongly threatening Nc6+.} Bb7 28. f3 Bb6 {Threatens to win with ...e5.} (28... b4 {seems wilder.} 29. Kf2 Rc8 30. Ra4 bxc3 31. bxc3 a5) 29. Kf1 $1 Bxd4 30. cxd4 {[%mdl 4096] Endgame KRB-KRB} Rd8 31. Rd1 $1 Kd6 32. Rc1 Bc6 33. Ra1 Ra8 34. b4 Kc7 35. Kf2 Kb6 36. Rd1 a5 37. bxa5+ Rxa5 38. d5 exd5 39. exd5 Bd7 40. Ke3 Kc5 41. f4 ({White should try} 41. Rd2) 41... Ra3+ $17 42. Kf2 b4 43. Bf3 {[#]} (43. d6 $17) 43... b3 $1 $19 44. Rb1 $2 (44. Be4) 44... Bf5 45. Rc1+ Kb4 46. d6 b2 47. Rb1 Kc3 (47... Bxb1 $142 48. d7 Rd3) 48. g4 Bxb1 {Black mates.} 49. d7 Bd3 50. d8=Q b1=Q 51. Qc7+ Kd2 {Accuracy: White = 50%, Black = 64%.} 0-1

[Event "2nd Ramco Technology Open 2019"]
[Site "Rajapalayam"]
[Date "2019.12.02"]
[Round "5.4"]
[White "Dhanush Ragav N S"]
[Black "Lokesh, N.."]
[Result "1/2-1/2"]
[WhiteElo "1927"]
[BlackElo "2238"]
[Annotator "TA"]
[PlyCount "78"]
[EventDate "2019.12.01"]
[EventType "swiss"]
[EventCountry "IND"]
[SourceTitle "playchess.com"]
[Source "ChessBase"]
[SourceQuality "1"]

{[%evp 20,78,21,8,10,14,18,25,20,16,18,27,37,36,34,31,37,41,40,37,39,36,32,29,22,20,25,2,0,0,0,0,7,0,0,0,0,0,8,0,0,0,0,0,0,0,31,31,31,31,31,0,0,-18,-8,-8,0,0,31,31,31]} 1. d4 Nf6 2. Nf3 d5 3. c4 e6 4. Nc3 c5 5. cxd5 Nxd5 6. e4 Nxc3 7. bxc3 cxd4 8. cxd4 Bb4+ 9. Bd2 Bxd2+ 10. Qxd2 O-O 11. Bd3 Nc6 {D41: Queen's Gambit Declined: Semi-Tarrasch with 5 cxd5} 12. Bc2 Qa5 (12... b6 13. O-O Bb7 14. d5 Na5 15. dxe6 fxe6 16. Qe2 Rc8 17. Rad1 Qc7 18. Nd4 Qe5 19. Rfe1 {½-½ (37) Wojtaszek,R (2737)-Kramnik,V (2794) Antalya 2017}) 13. Qxa5 Nxa5 {[#] White has an edge.} 14. Rc1 $146 ({Predecessor:} 14. Ke2 Bd7 15. Rhc1 Rfc8 16. Bd3 Kf8 17. Ke3 Ke7 18. d5 Rxc1 19. Rxc1 {1-0 (39) Bologan,V (2649)-Shimanov,A (2637) Loo 2014}) 14... Rd8 15. Ke2 b6 16. Bd3 Bb7 17. Rc7 Rac8 18. Rhc1 f6 19. Ke3 Rxc7 20. Rxc7 Rc8 21. Rxc8+ Bxc8 $14 {[%mdl 4096] Endgame KBN-KBN} 22. Nd2 Kf8 23. Nc4 Nxc4+ 24. Bxc4 $11 {KB-KB} Ke7 25. h4 Kd6 26. g3 Bd7 27. f4 b5 28. Bb3 a5 29. a3 e5 30. dxe5+ fxe5 31. f5 Ke7 32. g4 g6 33. Bc2 Be8 34. Bd3 Kd6 35. g5 Kc5 36. Bb1 {[#] Threatens to win with Ba2.} Bf7 37. Kd3 Bc4+ 38. Kc3 Bf7 39. f6 Be6 {Accuracy: White = 58%, Black = 65%.} 1/2-1/2

[Event "2nd Ramco Technology Open 2019"]
[Site "Rajapalayam"]
[Date "2019.12.02"]
[Round "5.5"]
[White "Murali Krishnan B T"]
[Black "Vijay Kumar Pakkurti"]
[Result "1-0"]
[WhiteElo "2197"]
[BlackElo "1247"]
[Annotator "ChessBase"]
[PlyCount "49"]
[EventDate "2019.12.01"]
[EventType "swiss"]
[EventCountry "IND"]
[SourceTitle "playchess.com"]
[Source "ChessBase"]
[SourceQuality "1"]
[TimeControl "5400+30"]

1. d4 {[%emt 0:00:00]} d5 {[%emt 0:00:00]} 2. c4 {[%emt 0:00:00]} e6 {[%emt 0:01:46]} 3. Nc3 {[%emt 0:00:00]} Nf6 {[%emt 0:00:29]} 4. Bg5 {[%emt 0:00:05]} Nbd7 {[%emt 0:00:33]} 5. e3 {[%emt 0:00:23]} Be7 {[%emt 0:00:15]} 6. Nf3 {[%emt 0:00:07]} O-O {[%emt 0:00:14]} 7. Rc1 {[%emt 0:00:10]} c6 {[%emt 0:01:24]} 8. a3 {[%emt 0:01:04]} h6 {[%emt 0:01:24]} 9. Bh4 {[%emt 0:00:10]} a6 {[%emt 0:02:04]} 10. cxd5 {[%emt 0:11:55]} exd5 {[%emt 0:04:07]} 11. Bd3 {[%emt 0:01:12]} Re8 {[%emt 0:00:40]} 12. Bg3 {[%emt 0:02:22]} Nf8 {[%emt 0:00:23]} 13. O-O {[%emt 0:00:17]} Bg4 {[%emt 0:01:04]} 14. Qb3 {[%emt 0:06:34]} Bxf3 {[%emt 0:00:42]} 15. gxf3 {[%emt 0:00:06]} b5 {[%emt 0:04:31]} 16. Ne2 {[%emt 0:03:03]} Qd7 {[%emt 0:01:00]} 17. Rc3 {[%emt 0:02:14]} Nh5 {[%emt 0:06:27]} 18. Rfc1 {[%emt 0:01:09]} Nxg3 {[%emt 0:02:52]} 19. hxg3 {[%emt 0:02:07]} Bg5 {[%emt 0:05:12]} 20. Rxc6 {[%emt 0:01:39]} Qh3 {[%emt 0:00:40]} 21. f4 {[%emt 0:01:05]} Rxe3 {[%emt 0:04:13]} 22. fxe3 {[%emt 0:00:49]} Bxf4 {[%emt 0:00:14]} 23. exf4 {[%emt 0:04:59]} g5 {[%emt 0:02:07]} 24. Qxd5 {[%emt 0:00:28]} Re8 {[%emt 0:00:12]} 25. Rf6 {[%emt 0:04:06]} 1-0

[Event "2nd Ramco Technology Open 2019"]
[Site "Rajapalayam"]
[Date "2019.12.02"]
[Round "6.1"]
[White "Laxman, R.R."]
[Black "Murali Krishnan B T"]
[Result "1-0"]
[WhiteElo "2444"]
[BlackElo "2197"]
[Annotator "TA"]
[PlyCount "117"]
[EventDate "2019.12.01"]
[EventType "swiss"]
[EventCountry "IND"]
[SourceTitle "playchess.com"]
[Source "ChessBase"]
[SourceQuality "1"]

{[%evp 13,117,13,18,10,59,31,37,29,41,36,45,2,32,35,45,43,42,45,43,0,4,0,0,0,55,55,60,62,47,23,31,25,28,12,12,0,0,0,0,0,44,50,34,48,46,58,47,56,212,201,400,400,400,397,391,384,525,502,497,402,580,547,1788,957,714,524,3390,2516,4341,4014,29977,29977,29979,29980,29981,29982,29981,29982,29983,29984,29985,29985,29986,29986,29987,29988,29988,29989,29989,29990,29991,29992,29992,29993,29993,29994,29994,29995,29995,29990,29996,29997,29999,29996,29997,29998]} 1. d4 d5 2. Nf3 Nf6 3. e3 c5 4. c4 dxc4 5. Bxc4 e6 6. O-O a6 7. Bd3 Nc6 8. a3 {D27: Queen's Gambit Accepted: Classical main line: 7 e4!? and 7 a4} b6 9. Nc3 Bb7 10. dxc5 {White is slightly better.} Bxc5 11. b4 Bd6 $146 ({Predecessor:} 11... Be7 12. Bb2 O-O 13. Rc1 h6 14. Qe2 b5 15. Rfd1 Qb6 16. Ne4 Nxe4 17. Bxe4 Rfd8 18. Nd4 Rac8 19. Nxe6 fxe6 20. Qg4 e5 21. Qe6+ Kh8 22. Qg6 Kg8 23. Bxe5 {1-0 (23) Gelfand,B (2712)-Ljubojevic,L (2566) Monte Carlo 2001}) 12. Ne4 Nxe4 13. Bxe4 Rc8 14. Bb2 O-O $1 15. Rc1 Qe7 16. Bxc6 Rxc6 17. Rxc6 Bxc6 {[#]} 18. Qd4 $1 {[%csl Gb2][%cal Rd4g7][%mdl 576] Double Attack} f5 ({Black should try} 18... f6 $11) 19. Rc1 $14 Bxf3 20. gxf3 a5 21. bxa5 bxa5 22. a4 Rd8 {[#] aiming for ...Bxh2+!} 23. f4 h6 24. h3 Kh7 25. Rc6 e5 26. Qd3 (26. fxe5 $2 Ba3 $17) 26... exf4 {Strongly threatening ...Qg5+.} 27. Qxf5+ g6 28. Qf6 {Qxe7+ is the strong threat.} fxe3 29. Qxe7+ $1 Bxe7 {[%mdl 4096] Endgame KRB-KRB} 30. Rc7 exf2+ $2 (30... Re8 $1 $14) 31. Kg2 $18 Rd3 $2 (31... f1=B+ 32. Kxf1 Rf8+ 33. Ke2 Rf7) 32. Rxe7+ {KRB-KR} Kg8 33. Rg7+ Kf8 34. Rxg6 f1=Q+ 35. Kxf1 Rxh3 36. Ra6 Rh5 (36... Ke7 {was worth a try.} 37. Rxa5 Kd7) 37. Bc3 Ke7 38. Bxa5 Kd7 39. Bd2 Rf5+ 40. Ke2 h5 41. Rh6 Kc7 42. a5 {[%cal Ba4a5,Ba5a6][%mdl 32] White mates.} Re5+ 43. Be3 Kb8 44. a6 Re8 45. Kd3 Ka8 46. Bc5 h4 47. Rxh4 Rc8 48. Kc4 Rg8 49. Rh7 Re8 50. Kb5 Rb8+ 51. Bb6 {[%csl Gb6][%cal Rh7a7]} Rg8 52. Bc7 Rg5+ 53. Kc6 Rg8 54. Rd7 Ka7 55. Kb5 Rg5+ 56. Be5+ $1 Ka8 57. Kb6 {[%cal Rd7d8]} Rg8 58. Bc7 Rh8 59. Bd6 {Accuracy: White = 71%, Black = 34%.} 1-0

[Event "2nd Ramco Technology Open 2019"]
[Site "Rajapalayam"]
[Date "2019.12.02"]
[Round "6.2"]
[White "Muthaiah AL"]
[Black "Harikrishnan.A.Ra"]
[Result "1/2-1/2"]
[WhiteElo "2363"]
[BlackElo "2440"]
[Annotator "RC"]
[PlyCount "40"]
[EventDate "2019.12.01"]
[EventType "swiss"]
[EventCountry "IND"]
[SourceTitle "playchess.com"]
[Source "ChessBase"]
[SourceQuality "1"]
[TimeControl "5400+30"]

1. d4 {[%emt 0:00:50]} Nf6 {[%emt 0:00:00]} 2. c4 {[%emt 0:00:15]} e6 {[%emt 0:00:37]} 3. g3 {[%emt 0:00:30]} d5 {[%emt 0:00:48]} 4. Bg2 {[%emt 0:00:27]} dxc4 {[%emt 0:02:00]} 5. Nf3 {[%emt 0:00:34]} c5 {[%emt 0:00:21]} 6. O-O {[%emt 0:00:31]} Nc6 {[%emt 0:00:04]} 7. dxc5 {[%emt 0:00:35]} Qxd1 {[%emt 0:00:10]} 8. Rxd1 {[%emt 0:00:08]} Bxc5 {[%emt 0:00:05]} 9. Nbd2 {[%emt 0:00:42]} c3 {[%emt 0:00:02]} 10. bxc3 {[%emt 0:00:20]} O-O {[%emt 0:00:05]} 11. Nb3 {[%emt 0:00:41]} Be7 {[%emt 0:00:02]} 12. c4 {[%emt 0:00:32]} Bd7 {[%emt 0:04:38]} 13. Bb2 {[%emt 0:01:28]} Rfd8 {[%emt 0:00:10]} 14. Nfd4 {[%emt 0:00:29]} Rac8 {[%emt 0:11:01]} 15. c5 {[%emt 0:03:30]} Nxd4 {[%emt 0:11:41]} 16. Bxd4 {[%emt 0:00:23]} Bc6 {[%emt 0:00:43]} 17. Rab1 {[%emt 0:01:29]} Be4 {[%emt 0:14:04]} 18. Rbc1 {[%emt 0:10:13]} Bxg2 {[%emt 0:05:49]} 19. Kxg2 {[%emt 0:00:27]} h6 {[%emt 0:13:20]} 20. Bxf6 {[%emt 0:10:30]} Bxf6 {[%emt 0:34:20]} 1/2-1/2

[Event "2nd Ramco Technology Open 2019"]
[Site "Rajapalayam"]
[Date "2019.12.03"]
[Round "7.1"]
[White "Harikrishnan.A.Ra"]
[Black "Laxman, R.R."]
[Result "1-0"]
[WhiteElo "2440"]
[BlackElo "2444"]
[Annotator "TA"]
[PlyCount "77"]
[EventDate "2019.12.01"]
[EventType "swiss"]
[EventCountry "IND"]
[SourceTitle "playchess.com"]
[Source "ChessBase"]
[SourceQuality "1"]

{[%evp 9,77,-28,-27,-27,0,-9,-2,-10,-8,-3,-4,-13,-12,-11,3,-18,-9,-15,0,0,0,-2,0,-4,-4,-17,10,3,7,10,10,0,6,0,8,0,0,0,0,0,26,0,0,0,28,28,33,33,26,31,45,34,90,91,139,143,181,170,233,240,246,220,242,210,807,800,780,779,29978,29978]} 1. b3 d5 2. Nf3 Nf6 3. Bb2 g6 4. c4 c6 5. Bxf6 (5. g3 Bg7 6. Bg2 O-O 7. O-O a5 8. Nc3 Ne4 9. Na4 Bxb2 10. Nxb2 Na6 11. d3 Nf6 12. cxd5 Nxd5 13. Qd2 Bg4 14. Nc4 Bxf3 15. Bxf3 Nc5 16. d4 {½-½ (72) Anton Guijarro,D (2650)-Vidit,S (2689) Doha 2016}) 5... exf6 6. e3 {A12: English Opening: 1...c6 with b3 by White} Bg7 7. d4 f5 $146 ({Predecessor:} 7... O-O 8. g3 dxc4 9. bxc4 c5 10. Bg2 Nc6 11. O-O cxd4 12. Nxd4 Nxd4 13. exd4 {½-½ (117) Fernandez,D (2473)-Lampert,J (2510) chess.com INT 2017}) 8. Nc3 {The position is equal.} dxc4 9. Bxc4 O-O 10. O-O Nd7 11. Rc1 Nb6 12. Be2 Qd6 13. g3 Be6 14. Ne1 Rad8 15. Nd3 h5 16. h4 Bh6 {Strongly threatening ...Bxe3!} 17. Kg2 Qe7 18. Nc5 Bc8 19. Bf3 Nd7 20. Nxd7 Rxd7 21. Na4 Rfd8 22. Nc5 Rd6 23. Nd3 Be6 24. Rh1 Qe8 25. Qc2 Bd5 {Black wants to play ...Bxf3+.} 26. Qd1 Be6 27. Nc5 Qe7 28. b4 Bd5 29. a4 b6 30. Nd3 Qe6 (30... Be4 $14) 31. Bxd5 $16 Qxd5+ 32. Qf3 Qb3 33. Ne5 Qxa4 {[#]} (33... Re6 $142 34. a5 (34. Nxc6 Rde8 $16) (34. Rxc6 Rxc6 35. Nxc6 Re8 $16) 34... Rde8 35. Nxc6 (35. Rxc6 bxa5 36. Rxe6 Qxe6 $16) 35... Re4) 34. Ra1 $1 $18 {[%cal Ra1a4]} ({But not} 34. Rxc6 $6 Rxc6 35. Qxc6 (35. Nxc6 Rd7 $16) 35... Qa2 $16) ({Not} 34. Nxc6 Re8 $14) 34... Qb5 35. Rxa7 Rf8 {intending ...Bg7.} 36. Rc1 {[%cal Rc1c6]} Qxb4 $2 (36... Bg7 37. Nxc6 Bf6) 37. Rxc6 Rxc6 38. Qxc6 ({Weaker is} 38. Nxc6 Qc4 $18) 38... f4 {[#]} 39. Nxf7 $1 {[%mdl 512] Accuracy: White = 64%, Black = 48%.} 1-0

[Event "2nd Ramco Technology Open 2019"]
[Site "Rajapalayam"]
[Date "2019.12.03"]
[Round "7.3"]
[White "Senthil Maran K"]
[Black "Lokesh, N.."]
[Result "1/2-1/2"]
[WhiteElo "2312"]
[BlackElo "2238"]
[Annotator "TA"]
[PlyCount "78"]
[EventDate "2019.12.01"]
[EventType "swiss"]
[EventCountry "IND"]
[SourceTitle "playchess.com"]
[Source "ChessBase"]
[SourceQuality "1"]

{[%evp 21,78,22,16,20,14,6,13,11,37,-5,15,0,0,0,0,0,0,0,0,0,0,0,0,0,59,-39,23,15,68,60,58,62,46,33,64,0,0,-46,0,2,127,127,128,128,107,91,80,85,129,89,101,0,122,122,127,121,120,0,116]} 1. d4 Nf6 2. c4 e6 3. g3 d5 4. Bg2 Be7 5. Nf3 O-O 6. Nc3 dxc4 7. Ne5 Nc6 8. Bxc6 bxc6 9. Nxc6 Qe8 10. Nxe7+ Qxe7 11. Qa4 c5 12. Qxc4 {E06: Closed Catalan: Early deviations} (12. dxc5 Qxc5 13. Be3 Qc7 14. O-O-O Ng4 15. Rd2 Nxe3 16. fxe3 Rb8 17. Rhd1 a5 18. Kb1 h6 19. Ka1 Rb4 {1-0 (49) Caruana,F (2822)-Nakamura,H (2777) Saint Louis 2018}) 12... cxd4 13. Qxd4 e5 14. Qh4 Rb8 15. a3 Rd8 16. O-O Rd4 17. e4 h6 18. Be3 Rd3 $146 ({Predecessor:} 18... Rc4 19. Rab1 Be6 20. f3 a5 21. Rfd1 {0-1 (42) Ethelontis,A (2133)-Nandhidhaa,P (2251) London 2016}) 19. Rad1 $36 {[%mdl 2048] White fights for an advantage.} Rxd1 20. Nxd1 Rb3 21. Bc1 Qe6 22. Nc3 Bb7 (22... Kh7 $11) 23. Rd1 (23. f3 $1 $14) 23... Rxc3 ({Black should play} 23... Kh7 $15) 24. bxc3 $11 {[#] Hoping for f3.} Bxe4 (24... Kh7 $11) 25. Bxh6 $1 $14 gxh6 26. Qxh6 {Rd8+ is the strong threat.} Qe7 27. h3 Bg6 28. g4 (28. Qg5 $14) 28... Ne4 $11 29. Re1 Qxa3 ({Of course not} 29... Nxc3 $6 30. Qe3 $14) (29... Ng5 {seems wilder.} 30. Rd1 Qf6 31. Rd5 Nf3+ 32. Kh1 e4) 30. Qe3 Qxc3 (30... f6 $11) 31. Qxc3 $16 Nxc3 32. Rxe5 a6 33. Re3 {[%mdl 1024] White has strong compensation.} Nd5 34. Ra3 Nc7 35. Rc3 Nd5 36. Ra3 Nc7 37. f3 f6 38. Rc3 Nd5 39. Ra3 Nc7 $1 {Accuracy: White = 51%, Black = 51%.} 1/2-1/2

[Event "2nd Ramco Technology Open 2019"]
[Site "Rajapalayam"]
[Date "2019.12.03"]
[Round "7.4"]
[White "Murali Krishnan B T"]
[Black "Anilkumar, O.T."]
[Result "1-0"]
[WhiteElo "2197"]
[BlackElo "1929"]
[Annotator "TA"]
[PlyCount "45"]
[EventDate "2019.12.01"]
[EventType "swiss"]
[EventCountry "IND"]
[SourceTitle "playchess.com"]
[Source "ChessBase"]
[SourceQuality "1"]

{[%evp 10,45,92,95,109,41,23,38,76,57,102,115,393,383,399,388,394,379,381,375,505,426,437,431,407,353,443,394,517,488,571,529,525,522,684,539,29984,29985]} 1. d4 g6 2. c4 Bg7 3. e4 c5 4. d5 e5 5. Nc3 d6 6. Bd3 Nh6 {A44: Semi-Benoni} 7. f4 (7. h4 $16) 7... O-O $14 8. Nf3 Bg4 $146 {White is slightly better.} ({Predecessor:} 8... f6 9. O-O exf4 10. Bxf4 Nf7 11. a3 Nd7 12. Rb1 Qe7 13. Qd2 Nde5 14. Rbe1 {½-½ (90) Degraeve,J (2559)-Piankov,E (2356) La Fere 2009}) 9. fxe5 Bxf3 10. Qxf3 {Qh3 is the strong threat.} ({Of course not} 10. gxf3 $6 Qh4+ 11. Kd2 Bxe5 $11) 10... Bxe5 $2 {[%mdl 8192] [#]} (10... Nd7 $16 {is a better defense.}) 11. Qh3 $1 $18 Qf6 12. Bxh6 Bxc3+ 13. bxc3 Qxc3+ 14. Ke2 Re8 15. Rac1 Qb2+ 16. Rc2 Qe5 17. Kd2 Na6 {If only Black now had time for ...Nb4....} 18. a3 Nc7 19. Rf1 Rad8 20. Bf4 Qe7 21. Kd1 Qf6 22. Bc1 Qa1 {[#]} 23. Rxf7 $1 {[%mdl 512] Accuracy: White = 71%, Black = 25%.} 1-0